书目信息 |
| 题名: |
2015中国大学生村官发展报告
|
|
| 作者: | 胡跃高 主编 ;中国村社发展促进会 编 | |
| 分册: | ||
| 出版信息: | 北京 中国农业出版社 2015.06 |
|
| 页数: | 288页 | |
| 开本: | 26cm | |
| 丛书名: | ||
| 单 册: | ||
| 中图分类: | F325.4 | |
| 科图分类: | ||
| 主题词: | 农村--干部--研究报告--中国--2015 | |
| 电子资源: | ||
| ISBN: | 978-7-109-20601-4 | |
| 000 | 00978nam0 2200265 450 | |
| 001 | 0120151604485 | |
| 005 | 20160614150351.57 | |
| 010 | @a978-7-109-20601-4@dCNY80.00 | |
| 100 | @a20150714d2015 em y0chiy50 ea | |
| 101 | 0 | @achi |
| 102 | @aCN@b110000 | |
| 105 | @aa z 000yy | |
| 106 | @ar | |
| 200 | 1 | @a2015中国大学生村官发展报告@92015 zhong guo da xue sheng cun guan fa zhan bao gao@f中国村社发展促进会编 |
| 210 | @a北京@c中国农业出版社@d2015.06 | |
| 215 | @a288页@c图@d26cm | |
| 314 | @a主编:胡跃高 | |
| 330 | @a本书分为综合报告、理论研究篇、调查报告篇、经验交流篇和村官心语篇。详细地介绍了常年全国大学生“村官”工作发展状况,具有系统性、全面性。 | |
| 333 | @a政府经济决策部门人员,农业经济研究者 | |
| 606 | 0 | @a农村@x干部@x研究报告@y中国@z2015 |
| 690 | @aF325.4@v5 | |
| 701 | 0 | @a胡跃高@9hu yue gao@4主编 |
| 712 | 02 | @a中国村社发展促进会@9zhong guo cun she fa zhan cu jin hui@4编 |
| 801 | 0 | @aCN@b人天书店@c20150714 |
| 905 | @b879316-21@dF325.4@e167@f6 | |
| 2015中国大学生村官发展报告/中国村社发展促进会编.-北京:中国农业出版社,2015.06 |
| 288页:图;26cm |
| 使用对象:政府经济决策部门人员,农业经济研究者 |
| ISBN 978-7-109-20601-4:CNY80.00 |
| 本书分为综合报告、理论研究篇、调查报告篇、经验交流篇和村官心语篇。详细地介绍了常年全国大学生“村官”工作发展状况,具有系统性、全面性。 |
| ● |
| 相关链接 |
|
|
|
|
正题名:2015中国大学生村官发展报告
索取号:F325.4/167
 
预约/预借
| 序号 | 登录号 | 条形码 | 馆藏地/架位号 | 状态 | 备注 |
| 1 | 879316 | 208793162 | 第一样本阅览室/ [索取号:F325.4/167] | 在馆 | |
| 2 | 879317 | 208793171 | 教育系资料室/ [索取号:F325.4/167] | 在馆 | |
| 3 | 879318 | 208793180 | 教育系资料室/ [索取号:F325.4/167] | 在馆 | |
| 4 | 879319 | 208793199 | 教育系资料室/ [索取号:F325.4/167] | 在馆 | |
| 5 | 879320 | 208793206 | 第一借阅区/ [索取号:F325.4/167] | 在馆 | |
| 6 | 879321 | 208793215 | 第一借阅区/ [索取号:F325.4/167] | 在馆 |